NBA : Lebron James. - Statistiques

Statistiques générales
  • Ce quiz a été pris 605 fois
  • Le résultat moyen est 14 sur 15
Statistiques - réponses
Questions Réponses % Correct
En quelle année a-t-il été drafté en NBA ? 2003
99%
En 2018, quelle mythique équipe a-t-il rejoint, lui permettant de remporter son 17 titres en 2020 ? Los Angeles Lakers
99%
Entre 2010 et 2014, dans quelle franchise a-t-il remporté 2 titres, aux côtés de Chris Bosh et Dwayne Wade ? Miami Heat
99%
Combien de titres olympiques a-t-il remporté avec la Team USA ? 3
98%
En quelle position ? 1
97%
Dans quel franchise a-t-il commencé sa carrière ? Cleveland Cavaliers
97%
En quelle année a-t-il réalisé ce record ? 2023
96%
Combien de fois Lebron James a-t-il été sélectionné pour le All-Star Game ? 21
96%
Contre quelle équipe, alors favorite, Lebron James et son équipe ont-ils remporté la finale de 2016 ? Golden State Warriors
94%
A 2 points près, quel est le record de points en carrière de Lebron James (sur un match) ? 61
93%
Comment s'appelle son fils évoluant désormais à ses côtés ? Bronny
92%
Quel joueur a-t-il dépassé concernant le nombre de points inscrits en carrière ? Kareem Abdul-Jabbar
92%
Même s'il peut évoluer à plusieurs postes, quel est son poste de prédilection ? Ailier Fort
90%
Quel meneur, ancien coéquipier, a grandement contribué à cette victoire historique ? Kyrie Irving
90%
Durant quelle saison le King a-t-il inscrit le plus de points en moyenne par match ? 2005-2006
86%
Aucun quiz correspondant
Distribution des résultats
% des personnes avec chaque résultat
Percentile par nombre de réponses
Votre historique - résultats
Vous n’avez pas pris ce quiz